| 000 | 02012nam a2200601 i 4500 | ||
|---|---|---|---|
| 003 | KOSZ 005 | ||
| 005 | 20200206085220.0 | ||
| 008 | 980702s1996 pl a f f |001 0 pol | ||
| 015 | _aPB 1996/12124 | ||
| 020 | _a8320419689 | ||
| 035 | _a991004281289705066 | ||
| 035 | _a(PL-WaBN)b11133600-48omnis_nlop | ||
| 035 | _ab11133600 | ||
| 035 | _a(OCoLC)749264024 | ||
| 035 | _a(PL)b0000001113360 | ||
| 035 | _a(EXLNZ-48OMNIS_NETWORK)9910265320905606 | ||
| 040 |
_aWA N _cWA N _dKOSZ 005/HR |
||
| 041 | 0 |
_apol _aeng |
|
| 080 | _a811.111'373 | ||
| 080 | _a001.4 | ||
| 080 | _a501 | ||
| 080 | _a54 | ||
| 080 | _a62 | ||
| 080 | _a(075.8) | ||
| 100 | 1 |
_aDomański, Piotr _c(pedagog) _eAutor |
|
| 245 | 1 | 0 |
_aEnglish in science and technology : _bwybór terminów i zwrotów angielskich z nauk ścisłych i przyrodniczych / _cPiotr Domański. |
| 250 | _aWyd. 2 rozsz. | ||
| 260 |
_aWarszawa : _bWydawnictwa Naukowo-Techniczne, _ccop. 1996. |
||
| 300 |
_a457, [1] s. : _b2 mapy, rys. ; _c24 cm. |
||
| 336 |
_2rdacontent _aTekst _btxt |
||
| 337 |
_2rdamedia _aBez urządzenia pośredniczącego _bn |
||
| 338 |
_2rdacarrier _aWolumin _bnc |
||
| 380 | _aKsiążki | ||
| 380 | _aPublikacje dydaktyczne | ||
| 385 |
_mPoziom nauczania _aSzkoły wyższe |
||
| 388 | _a1901-2000 | ||
| 388 | _a1989-2000 | ||
| 504 | _aIndeksy. | ||
| 521 | _aDla studentów i absolwentów wyższych szkół technicznych, gł. wydz. chemicznych i pokrewnych. | ||
| 650 | 7 |
_aChemia _2DBN |
|
| 650 | 7 | _aTechnika | |
| 650 | 7 | _aTechnologia | |
| 650 | 7 | _aNauka | |
| 650 | 7 |
_aJęzyk angielski _2DBN |
|
| 650 | 7 | _aTerminologia | |
| 655 | 7 |
_aPodręczniki akademickie _2DBN |
|
| 658 | _aJęzykoznawstwo | ||
| 658 | _aInżynieria i technika | ||
| 710 | 2 |
_aWydawnictwa Naukowo-Techniczne _4pbl |
|
| 856 |
_uhttp://koha.tu.koszalin.pl/cgi-bin/koha/opac-detail.pl?biblionumber=31075 _yKatalog online BPK |
||
| 942 |
_2UKD _cKS |
||
| 999 |
_c31075 _d31075 |
||